000 00300nam a2200121Ia 4500
008 220120s9999||||xx |||||||||||||| ||und||
082 _a621.381 EFY
100 _aEFY
245 0 _aElectronics projects VOL -9
260 _aEFY
_bIBM learning services
300 _b0
650 _aPROGRAMMING LANGUAGE
999 _c137056
_d137056